000 00552nam a2200181 i 4500
001 120487
003 ES-MaACL
005 20250921063031.0
007 t|
008 070214s1933 fr r ||||1| fre d
100 1 _aPitollet, Camille,
_d1874-1964
_992417
245 1 0 _aBlasco Ibáñez a Valence /
_cCamille Pitollet.
260 _aParis :
_bMercure Universal,
_c1933.
300 _a20 p. ;
_c21 x 13 cm.
600 1 4 _aBlasco Ibáñez, Vicente,
_d1867-1928-
_xBiografías
_929389
852 _aES-MaACL
_j1783-F-11
999 _c120487
_d120487